[Event "4MCR_4D_1L_2S"]
[Site "CR"]
[Date "2000.??.??"]
[Round "?"]
[White "Jirku, Jaroslav"]
[Black "Rybak, Radek"]
[Result "0-1"]
[WhiteElo "2225"]
[BlackElo "2200"]
[PlyCount "94"]
[EventDate "2000.??.??"]
[EventType "tourn (corr)"]

1. e4 e5 2. Nf3 Nc6 3. Bb5 a6 4. Ba4 Nf6 5. O-O Be7 6. Re1 b5 7. Bb3 O-O 8. c3
d5 9. exd5 Nxd5 10. Nxe5 Nxe5 11. Rxe5 c6 12. d4 Bd6 13. Re1 Qh4 14. g3 Qh3 15.
Be3 Bg4 16. Qd3 Rae8 17. Nd2 f5 18. Qf1 Qh5 19. f4 g5 20. a4 Kh8 21. Bxd5 cxd5
22. axb5 axb5 23. fxg5 Rxe3 24. Rxe3 f4 25. gxf4 Bxf4 26. Rg3 Qxg5 27. Nf3 Qg8
28. Rxg4 Qxg4+ 29. Kh1 Be3 30. Qg2 Qxf3 31. Qxf3 Rxf3 32. Re1 Bf4 33. Re8+ Kg7
34. Kg2 Rd3 35. Rd8 b4 36. Rxd5 bxc3 37. bxc3 Rxc3 38. Rf5 Rc2+ 39. Kf3 Bxh2
40. Rg5+ Kf6 41. Rg2 Rc3+ 42. Ke2 Bf4 43. Rg1 Kf5 44. d5 Ke4 45. Rd1 Rc2+ 46.
Kf1 Be3 47. d6 Kf3 0-1

[Event "4MCR_4D_1L_2S"]
[Site "CR"]
[Date "2000.??.??"]
[Round "?"]
[White "Jirku, Jaroslav"]
[Black "Trexler, Evzen"]
[Result "1/2-1/2"]
[WhiteElo "2225"]
[BlackElo "2350"]
[PlyCount "92"]
[EventDate "2000.??.??"]
[EventType "tourn (corr)"]

1. e4 c5 2. Nf3 d6 3. d4 cxd4 4. Nxd4 Nf6 5. Nc3 a6 6. Bg5 e6 7. f4 Qb6 8. Nb3
Be7 9. Qf3 Nbd7 10. Bd3 h6 11. Qh3 Ng4 12. Bh4 Qe3+ 13. Qxe3 Bxh4+ 14. Qg3
Bxg3+ 15. hxg3 b5 16. Ke2 Ke7 17. Kf3 Ngf6 18. g4 Rg8 19. Na5 Nc5 20. g5 hxg5
21. fxg5 Ne8 22. Rac1 Nb7 23. Nc6+ Kd7 24. Nd4 Nc5 25. b4 Nxd3 26. cxd3 Bb7 27.
Nb3 Rc8 28. Ke3 Ba8 29. d4 f5 30. gxf6 gxf6 31. Rh7+ Rg7 32. Rxg7+ Nxg7 33. g4
Rh8 34. Rf1 Ke7 35. d5 Rh3+ 36. Rf3 Rh4 37. Rg3 exd5 38. exd5 f5 39. Nd4 fxg4
40. Kf4 Kd7 41. Rxg4 Nh5+ 42. Kg5 Rxg4+ 43. Kxg4 Nf6+ 44. Kf5 Nxd5 45. Nxd5
Bxd5 46. a3 Bb7 1/2-1/2

[Event "4MCR_4D_1L_2S"]
[Site "CR"]
[Date "2000.??.??"]
[Round "?"]
[White "Jirku, Jaroslav"]
[Black "Vavrla, Zdenek"]
[Result "1/2-1/2"]
[WhiteElo "2225"]
[BlackElo "2405"]
[PlyCount "81"]
[EventDate "2000.??.??"]
[EventType "tourn (corr)"]

1. e4 e5 2. Nf3 Nc6 3. Bb5 a6 4. Ba4 Nf6 5. O-O Be7 6. Re1 b5 7. Bb3 d6 8. c3
O-O 9. h3 Na5 10. Bc2 c5 11. d4 cxd4 12. cxd4 Bb7 13. Nbd2 Rc8 14. d5 Qc7 15.
Bb1 Nd7 16. Nf1 f5 17. exf5 Nc4 18. Ne3 Kh8 19. Nxc4 Qxc4 20. Bg5 Bxg5 21. Nxg5
Nf6 22. Ne4 Ne8 23. a4 Qxd5 24. Qxd5 Bxd5 25. axb5 axb5 26. g4 b4 27. Ra6 Rc6
28. Ra8 Rb6 29. Rd8 Kg8 30. Bd3 Kf7 31. Rd7+ Kg8 32. g5 Rxf5 33. Nf6+ Rxf6 34.
gxf6 Nxf6 35. Ra7 Rc6 36. Kh2 e4 37. Bb1 g6 38. Kg3 Kf8 39. Kf4 Nh5+ 40. Ke3
Nf6 41. Rd1 1/2-1/2

[Event "4MCR_4D_1L_2S"]
[Site "CR"]
[Date "2000.??.??"]
[Round "?"]
[White "Kuta, Jiri"]
[Black "Bazant, Petr"]
[Result "1/2-1/2"]
[WhiteElo "2365"]
[BlackElo "2385"]
[PlyCount "71"]
[EventDate "2000.??.??"]
[EventType "tourn (corr)"]

1. d4 d5 2. c4 e6 3. Nc3 Be7 4. Nf3 Nf6 5. Bg5 O-O 6. e3 h6 7. Bxf6 Bxf6 8. Qd2
a6 9. O-O-O dxc4 10. Bxc4 b5 11. Bd3 Bb7 12. Bc2 Nd7 13. Qd3 g6 14. h4 c5 15.
e4 cxd4 16. Nxd4 b4 17. Nce2 Qa5 18. Kb1 Rfd8 19. h5 g5 20. f4 gxf4 21. e5 Qxe5
22. Qh7+ Kf8 23. Qxh6+ Ke7 24. Qxf4 Bxg2 25. Rhe1 Rac8 26. Qd2 b3 27. axb3 Be4
28. Bxe4 Qxe4+ 29. Ka2 Ke8 30. Nf4 Qxd4 31. Qxd4 Bxd4 32. Rxd4 Ke7 33. Red1 Rc7
34. b4 Rg8 35. Re1 Nf6 36. h6 1/2-1/2

[Event "4MCR_4D_1L_2S"]
[Site "CR"]
[Date "2000.??.??"]
[Round "?"]
[White "Kuta, Jiri"]
[Black "Hlavac, Frantisek"]
[Result "1-0"]
[WhiteElo "2365"]
[BlackElo "2405"]
[PlyCount "103"]
[EventDate "2000.??.??"]
[EventType "tourn (corr)"]

1. d4 Nf6 2. c4 g6 3. Nc3 Bg7 4. e4 d6 5. f3 O-O 6. Be3 e5 7. d5 c6 8. Qd2 cxd5
9. cxd5 a6 10. Bd3 Nh5 11. Nge2 f5 12. exf5 gxf5 13. O-O-O b5 14. g4 fxg4 15.
fxg4 Bxg4 16. Rhg1 Nf6 17. Bg5 h5 18. Kb1 Nbd7 19. Ng3 Nc5 20. Rdf1 b4 21. Nd1
b3 22. h3 bxa2+ 23. Kxa2 Nxd3 24. hxg4 h4 25. Nh5 Nf4 26. Bxf4 exf4 27. Nxg7
Kxg7 28. Rxf4 Nh7 29. Rxf8 Kxf8 30. g5 Kg8 31. g6 Nf6 32. Qe1 Qe8 33. Qxh4 Kg7
34. Re1 Qxg6 35. Re7+ Kg8 36. Re6 Rf8 37. Rxd6 Qe4 38. Qxe4 Nxe4 39. Rxa6 Rd8
40. Ne3 Kf7 41. Ra4 Nd6 42. b3 Nb5 43. Ra5 Rb8 44. Nc4 Ke7 45. b4 Kd8 46. Ne5
Kc7 47. Kb3 Rb6 48. Nc4 Rb7 49. Ra6 Rb8 50. Rc6+ Kd8 51. Ne5 Rb7 52. Kc4 1-0

[Event "4MCR_4D_1L_2S"]
[Site "CR"]
[Date "2000.??.??"]
[Round "?"]
[White "Kuta, Jiri"]
[Black "Pletanek, Jan"]
[Result "1-0"]
[WhiteElo "2365"]
[BlackElo "2440"]
[PlyCount "83"]
[EventDate "2000.??.??"]
[EventType "tourn (corr)"]

1. d4 Nf6 2. c4 g6 3. Nc3 Bg7 4. e4 d6 5. f3 O-O 6. Be3 a6 7. Qd2 Nc6 8. Nge2
Rb8 9. Nc1 e5 10. d5 Nd4 11. Nb3 Nxb3 12. axb3 c5 13. Bd3 Nh5 14. Ne2 f5 15.
exf5 gxf5 16. O-O b5 17. cxb5 axb5 18. b4 c4 19. Bc2 f4 20. Bf2 Rf7 21. Nc3 Bf6
22. Ra5 Rg7 23. Kh1 Bh4 24. Rfa1 Bd7 25. Ra6 Qg5 26. Ba7 Bg3 27. Ne4 Qh4 28.
Bg1 Rg6 29. Nxd6 Bxh2 30. Bxh2 Rh6 31. g4 fxg3 32. Nf5 Rxa6 33. Nxh4 Rxa1+ 34.
Bg1 Nf4 35. Ng2 Nh3 36. Ne1 Nf4 37. Be3 Re8 38. Be4 Rf8 39. Bxf4 exf4 40. Kg2
Rf6 41. Nc2 Ra8 42. Qd4 1-0

[Event "4MCR_4D_1L_2S"]
[Site "CR"]
[Date "2000.??.??"]
[Round "?"]
[White "Kuta, Jiri"]
[Black "Riha, Jan"]
[Result "1/2-1/2"]
[WhiteElo "2365"]
[BlackElo "2305"]
[PlyCount "49"]
[EventDate "2000.??.??"]
[EventType "tourn (corr)"]

1. d4 Nf6 2. c4 e6 3. Bg5 Bb4+ 4. Nd2 h6 5. Bxf6 Qxf6 6. a3 Bxd2+ 7. Qxd2 O-O
8. e3 d6 9. Bd3 e5 10. Ne2 Nc6 11. d5 Ne7 12. O-O Bf5 13. f4 Bxd3 14. Qxd3 exf4
15. Rxf4 Qe5 16. Nd4 Ng6 17. Rf3 Rae8 18. Rc1 a6 19. b4 Qe4 20. Qc3 Re5 21. Qc2
Rfe8 22. Nf5 Qxc2 23. Rxc2 Ne7 24. Nd4 Ng6 25. Nf5 1/2-1/2

[Event "4MCR_4D_1L_2S"]
[Site "CR"]
[Date "2000.??.??"]
[Round "?"]
[White "Kuta, Jiri"]
[Black "Svoboda, Frantisek"]
[Result "0-1"]
[WhiteElo "2365"]
[BlackElo "2420"]
[PlyCount "75"]
[EventDate "2000.??.??"]
[EventType "tourn (corr)"]

1. d4 Nf6 2. c4 c5 3. d5 b5 4. cxb5 a6 5. e3 g6 6. Nc3 Bg7 7. Nf3 O-O 8. a4 d6
9. Ra3 Nbd7 10. e4 Ne8 11. Bd3 Nc7 12. O-O axb5 13. Nxb5 Ba6 14. Qe2 Bxb5 15.
Bxb5 Nxb5 16. Qxb5 Rb8 17. Qe2 Rb4 18. b3 Qb8 19. Nd2 Qb7 20. Nc4 Ne5 21. Nd2
Nd7 22. f4 f5 23. exf5 Rxf5 24. Qxe7 Rbxf4 25. Rxf4 Rxf4 26. Nf3 Rf7 27. Qe8+
Rf8 28. Qe4 Ne5 29. Ng5 Qa6 30. Bf4 Ng4 31. Nf3 Rxf4 32. Qxf4 Qe2 33. Qxg4 Bd4+
34. Qxd4 cxd4 35. Ra1 d3 36. h3 d2 37. Nxd2 Qxd2 38. a5 0-1

[Event "4MCR_4D_1L_2S"]
[Site "CR"]
[Date "2000.??.??"]
[Round "?"]
[White "Kuta, Jiri"]
[Black "Sykora, Josef"]
[Result "0-1"]
[WhiteElo "2365"]
[BlackElo "2310"]
[PlyCount "76"]
[EventDate "2000.??.??"]
[EventType "tourn (corr)"]

1. d4 d5 2. c4 dxc4 3. Nf3 Nf6 4. e3 e6 5. Bxc4 c5 6. O-O a6 7. Qe2 b5 8. Bb3
Bb7 9. Nc3 Nbd7 10. Rd1 Qb6 11. d5 exd5 12. e4 dxe4 13. Ng5 c4 14. Bc2 Bc5 15.
Ncxe4 O-O 16. Nxc5 Nxc5 17. Be3 h6 18. Nf3 Rfe8 19. b4 cxb3 20. axb3 Nd5 21.
Bxc5 Qxc5 22. Qd3 g6 23. Qd2 Nc3 24. Re1 Bxf3 25. gxf3 Kg7 26. Re3 b4 27. Qe1
Qg5+ 28. Kh1 Rxe3 29. Qxe3 Qxe3 30. fxe3 Rd8 31. Rxa6 Rd2 32. Be4 Nxe4 33. fxe4
Rb2 34. Rb6 Rxb3 35. Kg2 Rb1 36. Kf3 b3 37. e5 b2 38. Ke4 g5 0-1

[Event "4MCR_4D_1L_2S"]
[Site "CR"]
[Date "2000.??.??"]
[Round "?"]
[White "Kuta, Jiri"]
[Black "Trexler, Evzen"]
[Result "0-1"]
[WhiteElo "2365"]
[BlackElo "2350"]
[PlyCount "78"]
[EventDate "2000.??.??"]
[EventType "tourn (corr)"]

1. d4 Nf6 2. c4 e6 3. Nc3 d5 4. Nf3 c6 5. e3 Nbd7 6. Bd3 Bd6 7. O-O O-O 8. e4
dxc4 9. Bxc4 e5 10. Bg5 h6 11. Bh4 exd4 12. Qxd4 Bc7 13. Rad1 Qe7 14. Rfe1 Ne5
15. Be2 Rd8 16. Qe3 Ng6 17. Rxd8+ Qxd8 18. e5 Nxh4 19. Nxh4 Ng4 20. Bxg4 Bxg4
21. Qg3 Qd2 22. Rb1 Qd4 23. h3 Be6 24. Nf3 Qc4 25. Nd2 Qc5 26. a3 Bxe5 27. Nde4
Qd4 28. Qf3 Rd8 29. Rd1 Qb6 30. b4 Rxd1+ 31. Qxd1 Qd4 32. Qxd4 Bxd4 33. Nd1 b6
34. Ne3 Kf8 35. Kf1 Ke7 36. Ke2 Bxe3 37. Kxe3 Bd5 38. g4 Bxe4 39. Kxe4 Kd6 0-1

[Event "4MCR_4D_1L_2S"]
[Site "CR"]
[Date "2000.??.??"]
[Round "?"]
[White "Pletanek, Jan"]
[Black "Galuska, Josef"]
[Result "1-0"]
[WhiteElo "2440"]
[BlackElo "2335"]
[PlyCount "43"]
[EventDate "2000.??.??"]
[EventType "tourn (corr)"]

1. e4 e6 2. d4 d5 3. Nd2 Nf6 4. e5 Nfd7 5. f4 c5 6. c3 Nc6 7. Ndf3 Qb6 8. a3 a5
9. b3 Be7 10. h4 h5 11. Ne2 cxd4 12. cxd4 f5 13. Nc3 Ndb8 14. Be2 Bd7 15. Be3
g6 16. O-O Nd8 17. Na4 Qa7 18. Nc5 b6 19. Nxd7 Qxd7 20. b4 axb4 21. axb4 O-O
22. Rxa8 1-0

[Event "4MCR_4D_1L_2S"]
[Site "CR"]
[Date "2000.??.??"]
[Round "?"]
[White "Pletanek, Jan"]
[Black "Jirku, Jaroslav"]
[Result "1/2-1/2"]
[WhiteElo "2440"]
[BlackElo "2225"]
[PlyCount "45"]
[EventDate "2000.??.??"]
[EventType "tourn (corr)"]

1. e4 e5 2. Nf3 Nc6 3. Bb5 a6 4. Ba4 Nf6 5. O-O Be7 6. Re1 b5 7. Bb3 d6 8. c3
O-O 9. h3 Na5 10. Bc2 c5 11. d4 Qc7 12. Nbd2 cxd4 13. cxd4 Bb7 14. d5 Bc8 15.
b4 Nc4 16. Nxc4 Qxc4 17. a4 Bd7 18. Bb3 Qc7 19. a5 Rac8 20. Bb2 Qa7 21. Re3
Rfe8 22. Nd2 Rc7 23. Nf1 1/2-1/2

[Event "4MCR_4D_1L_2S"]
[Site "CR"]
[Date "2000.??.??"]
[Round "?"]
[White "Pletanek, Jan"]
[Black "Riha, Jan"]
[Result "1/2-1/2"]
[WhiteElo "2440"]
[BlackElo "2305"]
[PlyCount "50"]
[EventDate "2000.??.??"]
[EventType "tourn (corr)"]

1. e4 e5 2. Nc3 Nf6 3. Bc4 Nc6 4. d3 Na5 5. Nge2 c6 6. a3 Nxc4 7. dxc4 d6 8.
Qd3 Be7 9. O-O O-O 10. b3 Be6 11. Bb2 Nd7 12. Ng3 g6 13. Nf5 Bg5 14. Bc1 Bxc1
15. Raxc1 gxf5 16. exf5 Nc5 17. Qg3+ Kh8 18. fxe6 Nxe6 19. Ne2 Rg8 20. Qe3 Rg4
21. Rcd1 Qc7 22. Rd2 Rag8 23. g3 c5 24. Nc3 Nd4 25. Nd5 Qd8 1/2-1/2

[Event "4MCR_4D_1L_2S"]
[Site "CR"]
[Date "2000.??.??"]
[Round "?"]
[White "Pletanek, Jan"]
[Black "Rybak, Radek"]
[Result "1/2-1/2"]
[WhiteElo "2440"]
[BlackElo "2200"]
[PlyCount "51"]
[EventDate "2000.??.??"]
[EventType "tourn (corr)"]

1. e4 e5 2. Nf3 Nc6 3. Bb5 a6 4. Ba4 Nf6 5. O-O Be7 6. Re1 b5 7. Bb3 O-O 8. a4
b4 9. d3 a5 10. Nbd2 h6 11. Bd5 Bc5 12. Nb3 Bd6 13. d4 Nxd5 14. dxe5 Nxe5 15.
Nxe5 Nb6 16. Ng4 Re8 17. Bxh6 gxh6 18. Nxh6+ Kf8 19. Qf3 Bxh2+ 20. Kxh2 Qh4+
21. Qh3 Qxh3+ 22. gxh3 d5 23. exd5 Rxe1 24. Rxe1 Nxa4 25. Rg1 Nb6 26. d6
1/2-1/2

[Event "4MCR_4D_1L_2S"]
[Site "CR"]
[Date "2000.??.??"]
[Round "?"]
[White "Pletanek, Jan"]
[Black "Svihel, Karel"]
[Result "1/2-1/2"]
[WhiteElo "2440"]
[BlackElo "2295"]
[PlyCount "30"]
[EventDate "2000.??.??"]
[EventType "tourn (corr)"]

1. e4 e5 2. Nc3 Nf6 3. Bc4 Nxe4 4. Qh5 Nd6 5. Bb3 Be7 6. Nf3 Nc6 7. Nxe5 g6 8.
Nxc6 dxc6 9. Qd1 Nf5 10. O-O Nd4 11. d3 O-O 12. Bf4 Bd6 13. Qd2 Bxf4 14. Qxf4
Be6 15. Bxe6 Nxe6 1/2-1/2

[Event "4MCR_4D_1L_2S"]
[Site "CR"]
[Date "2000.??.??"]
[Round "?"]
[White "Pletanek, Jan"]
[Black "Sykora, Josef"]
[Result "1/2-1/2"]
[WhiteElo "2440"]
[BlackElo "2310"]
[PlyCount "53"]
[EventDate "2000.??.??"]
[EventType "tourn (corr)"]

1. e4 c6 2. d4 d5 3. Nd2 dxe4 4. Nxe4 Nd7 5. Ng5 Ngf6 6. Bc4 e6 7. Qe2 Nb6 8.
Bd3 h6 9. N5f3 c5 10. Be3 a6 11. c3 Qc7 12. Ne5 Nbd5 13. Ngf3 Bd6 14. O-O b5
15. Bd2 cxd4 16. cxd4 Bb7 17. Rfc1 Qb6 18. Ng6 fxg6 19. Qxe6+ Be7 20. Bxg6+ Kd8
21. Qe1 b4 22. Ne5 Rf8 23. Bf5 a5 24. Ng6 Re8 25. Ne5 Rf8 26. Ng6 Re8 27. Ne5
1/2-1/2

[Event "4MCR_4D_1L_2S"]
[Site "CR"]
[Date "2000.??.??"]
[Round "?"]
[White "Pletanek, Jan"]
[Black "Vavrla, Zdenek"]
[Result "1/2-1/2"]
[WhiteElo "2440"]
[BlackElo "2405"]
[PlyCount "57"]
[EventDate "2000.??.??"]
[EventType "tourn (corr)"]

1. e4 e5 2. Nf3 Nc6 3. Bb5 a6 4. Ba4 Nf6 5. O-O Be7 6. Re1 b5 7. Bb3 d6 8. c3
O-O 9. h3 Na5 10. Bc2 c5 11. d4 cxd4 12. cxd4 Bb7 13. d5 Rc8 14. Nbd2 Qc7 15.
Bb1 Nd7 16. Nf1 f5 17. exf5 Nc4 18. Nd4 Bxd5 19. Ne6 Bxe6 20. fxe6 Nf6 21. b3
Nb6 22. Bb2 Nbd5 23. Ne3 Qb6 24. Nxd5 Nxd5 25. Qxd5 Qxf2+ 26. Kh2 Qxb2 27. Be4
Qa3 28. Qb7 d5 29. Qxd5 1/2-1/2

[Event "4MCR_4D_1L_2S"]
[Site "CR"]
[Date "2000.??.??"]
[Round "?"]
[White "Riha, Jan"]
[Black "Blatsky, Libor"]
[Result "1/2-1/2"]
[WhiteElo "2305"]
[BlackElo "2285"]
[PlyCount "105"]
[EventDate "2000.??.??"]
[EventType "tourn (corr)"]

1. e4 c5 2. Nf3 d6 3. d4 cxd4 4. Nxd4 Nf6 5. Nc3 a6 6. Be3 Ng4 7. Bg5 h6 8. Bh4
g5 9. Bg3 Bg7 10. Qd2 Nc6 11. Nb3 b5 12. f3 Nge5 13. Bf2 Rb8 14. Nd5 Nc4 15.
Bxc4 bxc4 16. Nd4 Ne5 17. Qc3 O-O 18. O-O e6 19. Ne3 Qc7 20. Rfd1 Bd7 21. Rab1
Rfc8 22. Qe1 a5 23. Ne2 Bc6 24. Nd4 Bd7 25. h3 Ng6 26. b3 c3 27. Bg3 Qa7 28.
Ne2 Bb5 29. Bf2 Qc7 30. Bg3 Rd8 31. Kh1 Ba6 32. a4 Qc6 33. Qf2 Qc5 34. Bh2 Rb7
35. Ng3 Nf4 36. Ng4 Qc8 37. e5 dxe5 38. Ne4 Nd3 39. Rxd3 Bxd3 40. Nef6+ Kh8 41.
cxd3 Rxb3 42. Rc1 Qb7 43. Bxe5 Rb1 44. Qc2 Rxc1+ 45. Qxc1 Qb3 46. Qxc3 Qxc3 47.
Bxc3 Rxd3 48. Bxa5 Rd4 49. Kh2 Rxa4 50. Bd8 Bxf6 51. Nxf6 Kg7 52. g4 Kg6 53.
Kg3 1/2-1/2

[Event "4MCR_4D_1L_2S"]
[Site "CR"]
[Date "2000.??.??"]
[Round "?"]
[White "Riha, Jan"]
[Black "Galuska, Josef"]
[Result "1/2-1/2"]
[WhiteElo "2305"]
[BlackElo "2335"]
[PlyCount "76"]
[EventDate "2000.??.??"]
[EventType "tourn (corr)"]

1. e4 e6 2. d4 d5 3. Nc3 Bb4 4. e5 c5 5. a3 Bxc3+ 6. bxc3 Ne7 7. Qg4 O-O 8. Bd3
f5 9. exf6 Rxf6 10. Bg5 Rf7 11. Qh5 g6 12. Qd1 Qa5 13. Bd2 Nbc6 14. Nf3 Qc7 15.
O-O e5 16. dxe5 Nxe5 17. Nxe5 Qxe5 18. c4 d4 19. Rb1 b6 20. Qe1 Qf6 21. Qe4 Rb8
22. Rbe1 Bd7 23. Qe5 Qxe5 24. Rxe5 Nc6 25. Re2 Re7 26. Rfe1 Rxe2 27. Rxe2 Kf7
28. f3 Re8 29. Kf2 Rxe2+ 30. Kxe2 Be6 31. f4 Nd8 32. c3 Nb7 33. cxd4 cxd4 34.
Bc1 Na5 35. Kf3 Nb3 36. Bb2 Ke7 37. Kf2 Kd6 38. Bc2 Bxc4 1/2-1/2

[Event "4MCR_4D_1L_2S"]
[Site "CR"]
[Date "2000.??.??"]
[Round "?"]
[White "Riha, Jan"]
[Black "Hala, Martin"]
[Result "1-0"]
[WhiteElo "2305"]
[BlackElo "2420"]
[PlyCount "65"]
[EventDate "2000.??.??"]
[EventType "tourn (corr)"]

1. e4 e5 2. Nf3 Nc6 3. Bb5 a6 4. Ba4 Nf6 5. O-O Nxe4 6. d4 b5 7. Bb3 d5 8. dxe5
Be6 9. Nbd2 Nc5 10. c3 d4 11. Bxe6 Nxe6 12. cxd4 Ncxd4 13. a4 Be7 14. Nxd4 Nxd4
15. Ne4 O-O 16. axb5 Nxb5 17. Be3 Qc8 18. Qc2 Qe6 19. f4 Rfe8 20. Rf3 f6 21.
Rh3 g6 22. f5 gxf5 23. Qd1 f4 24. Qh5 Qf7 25. Qg4+ Qg7 26. Qxf4 fxe5 27. Qf3
Rf8 28. Qe2 Kh8 29. Bh6 Qg6 30. Bxf8 Rxf8 31. Nc3 Bc5+ 32. Kh1 Bd4 33. Rf3 1-0

[Event "4MCR_4D_1L_2S"]
[Site "CR"]
[Date "2000.??.??"]
[Round "?"]
[White "Riha, Jan"]
[Black "Jirku, Jaroslav"]
[Result "1/2-1/2"]
[WhiteElo "2305"]
[BlackElo "2225"]
[PlyCount "81"]
[EventDate "2000.??.??"]
[EventType "tourn (corr)"]

1. e4 e5 2. Nf3 Nc6 3. Bb5 a6 4. Ba4 Nf6 5. O-O Be7 6. Re1 b5 7. Bb3 d6 8. c3
O-O 9. h3 Na5 10. Bc2 c5 11. d4 Qc7 12. Nbd2 cxd4 13. cxd4 Bb7 14. d5 Bc8 15.
Nf1 Bd7 16. Ne3 g6 17. Bd2 Rfc8 18. b4 Nc4 19. Nxc4 Qxc4 20. Bb3 Qc7 21. Rc1
Qb7 22. Qe2 Rxc1 23. Rxc1 Rc8 24. Ne1 Rxc1 25. Bxc1 Qc8 26. Bd2 Ne8 27. Qe3 f5
28. Nf3 f4 29. Qd3 Bd8 30. Bc3 Bf6 31. Bb2 Ng7 32. Nd2 Kf7 33. Qc2 Qxc2 34.
Bxc2 g5 35. Bd1 h5 36. Be2 Bd8 37. Kf1 g4 38. hxg4 hxg4 39. a4 Bb6 40. axb5
axb5 41. Nb1 1/2-1/2

[Event "4MCR_4D_1L_2S"]
[Site "CR"]
[Date "2000.??.??"]
[Round "?"]
[White "Riha, Jan"]
[Black "Rybak, Radek"]
[Result "1/2-1/2"]
[WhiteElo "2305"]
[BlackElo "2200"]
[PlyCount "85"]
[EventDate "2000.??.??"]
[EventType "tourn (corr)"]

1. e4 e5 2. Nf3 Nc6 3. Bb5 a6 4. Ba4 Nf6 5. O-O Be7 6. Re1 b5 7. Bb3 O-O 8. c3
d5 9. exd5 Nxd5 10. Nxe5 Nxe5 11. Rxe5 c6 12. d4 Bd6 13. Re1 Qh4 14. g3 Qh3 15.
Be3 Bg4 16. Qd3 Rae8 17. Nd2 f5 18. f4 g5 19. Qf1 Qh5 20. Qg2 gxf4 21. Bxd5+
cxd5 22. Qxd5+ Kg7 23. Bxf4 Bxf4 24. gxf4 Kh8 25. Nf1 Qg6 26. Ng3 h5 27. h4 Bd1
28. Rxe8 Rxe8 29. Kh2 Rg8 30. Qe5+ Rg7 31. Qe3 Qg4 32. Kg2 Bc2 33. Rg1 Qxh4 34.
Kf1 Re7 35. Qd2 Be4 36. Nxe4 Rxe4 37. Rg2 Qh1+ 38. Kf2 Qh4+ 39. Kf1 Rxf4+ 40.
Kg1 Kh7 41. Rh2 Rg4+ 42. Kh1 Qg3 43. Qf2 1/2-1/2

[Event "4MCR_4D_1L_2S"]
[Site "CR"]
[Date "2000.??.??"]
[Round "?"]
[White "Riha, Jan"]
[Black "Svihel, Karel"]
[Result "1-0"]
[WhiteElo "2305"]
[BlackElo "2295"]
[PlyCount "65"]
[EventDate "2000.??.??"]
[EventType "tourn (corr)"]

1. e4 e6 2. d4 d5 3. Nc3 Bb4 4. e5 c5 5. a3 Bxc3+ 6. bxc3 Ne7 7. Qg4 O-O 8. Bd3
Qa5 9. Bd2 Nbc6 10. Nf3 f5 11. exf6 Rxf6 12. Qh5 Nf5 13. O-O c4 14. Be2 Nd6 15.
Rfe1 h6 16. Ne5 Nxd4 17. Ng4 Nxe2+ 18. Rxe2 Rf5 19. Nxh6+ gxh6 20. Qg6+ Kf8 21.
Rxe6 Bxe6 22. Qxe6 Kg7 23. Qxh6+ Kf7 24. Qxd6 Qd8 25. Qxd8 Rxd8 26. Be3 b6 27.
g4 Re5 28. Kg2 Re4 29. Kg3 Rde8 30. Re1 b5 31. h4 R4e6 32. h5 Ra6 33. Ra1 1-0

[Event "4MCR_4D_1L_2S"]
[Site "CR"]
[Date "2000.??.??"]
[Round "?"]
[White "Riha, Jan"]
[Black "Vavrla, Zdenek"]
[Result "1/2-1/2"]
[WhiteElo "2305"]
[BlackElo "2405"]
[PlyCount "83"]
[EventDate "2000.??.??"]
[EventType "tourn (corr)"]

1. e4 e5 2. Nf3 Nc6 3. Bb5 a6 4. Ba4 Nf6 5. O-O Be7 6. Re1 b5 7. Bb3 d6 8. c3
O-O 9. h3 Na5 10. Bc2 c5 11. d4 cxd4 12. cxd4 Bb7 13. Nbd2 Rc8 14. d5 Qc7 15.
Bd3 Nd7 16. Nf1 f5 17. exf5 Bxd5 18. Ng5 Bxg5 19. Bxg5 Nf6 20. Bxf6 Rxf6 21.
Bxb5 Bxg2 22. Bxa6 Bb7 23. Bxb7 Qxb7 24. Ne3 Kh8 25. Ng4 Rff8 26. b3 Nc6 27.
Qd5 Rxf5 28. Rac1 Qd7 29. Rc4 h5 30. Ne3 Rff8 31. Rec1 Nd4 32. Rxc8 Rxc8 33.
Rxc8+ Qxc8 34. Kh2 Qf8 35. Kg2 Ne2 36. Qf3 Nf4+ 37. Kh2 Qe8 38. a4 d5 39. Ng2
Nxg2 40. Kxg2 Qg6+ 41. Kh2 d4 42. b4 1/2-1/2

[Event "4MCR_4D_1L_2S"]
[Site "CR"]
[Date "2000.??.??"]
[Round "?"]
[White "Rybak, Radek"]
[Black "Blatsky, Libor"]
[Result "1/2-1/2"]
[WhiteElo "2200"]
[BlackElo "2285"]
[PlyCount "52"]
[EventDate "2000.??.??"]
[EventType "tourn (corr)"]

1. e4 c5 2. c3 d5 3. exd5 Qxd5 4. d4 Nf6 5. Nf3 Bg4 6. Be2 e6 7. h3 Bh5 8. O-O
Nc6 9. Be3 cxd4 10. cxd4 Be7 11. Nc3 Qd6 12. a3 O-O 13. Qb3 Rfd8 14. Rac1 a6
15. Rfd1 b5 16. d5 Na5 17. Qa2 Nxd5 18. Nxd5 exd5 19. Bc5 Qf6 20. Rxd5 Bxc5 21.
Rdxc5 Bg6 22. b4 Nb7 23. Rc7 Nd6 24. Qa1 Qxa1 25. Rxa1 f6 26. a4 bxa4 1/2-1/2

[Event "4MCR_4D_1L_2S"]
[Site "CR"]
[Date "2000.??.??"]
[Round "?"]
[White "Rybak, Radek"]
[Black "Hala, Martin"]
[Result "1-0"]
[WhiteElo "2445"]
[BlackElo "2420"]
[PlyCount "101"]
[EventDate "2000.??.??"]
[EventType "tourn (corr)"]

1. e4 e5 2. Nf3 Nc6 3. Bc4 Nf6 4. d4 exd4 5. e5 d5 6. Bb5 Ne4 7. Nxd4 Bc5 8.
Be3 Bd7 9. Bxc6 bxc6 10. Nd2 Ng5 11. c3 Bb6 12. f4 Ne6 13. O-O g6 14. Kh1 O-O
15. Qe1 c5 16. Nxe6 fxe6 17. Qg3 c4 18. b4 cxb3 19. axb3 Qe7 20. Ra2 a5 21. h3
Kh8 22. Qf2 Rab8 23. Nf3 Kg8 24. Bxb6 cxb6 25. Qd4 Rbc8 26. Qxb6 Rxc3 27. Rxa5
Rxf4 28. Ra7 Rf7 29. Qd6 Qxd6 30. exd6 Rc6 31. Rb1 Rxd6 32. Ne5 d4 33. b4 d3
34. Nxf7 Kxf7 35. b5 d2 36. Rd1 Ke7 37. Kg1 e5 38. Kf2 Ke6 39. Ra5 Rd3 40. Ra6+
Kf5 41. b6 Bc6 42. Ke2 Rg3 43. Kxd2 Rxg2+ 44. Kc3 Rg3+ 45. Kb4 Rxh3 46. Rf1+
Kg4 47. Ra7 h5 48. Rg7 g5 49. Rg1+ Kf4 50. Kc5 Ba8 51. Rg8 1-0

[Event "4MCR_4D_1L_2S"]
[Site "CR"]
[Date "2000.??.??"]
[Round "?"]
[White "Rybak, Radek"]
[Black "Hlavac, Frantisek"]
[Result "1/2-1/2"]
[WhiteElo "2445"]
[BlackElo "2405"]
[PlyCount "42"]
[EventDate "2000.??.??"]
[EventType "tourn (corr)"]

1. e4 c5 2. c3 Nf6 3. e5 Nd5 4. d4 cxd4 5. Nf3 e6 6. cxd4 b6 7. Nc3 Nxc3 8.
bxc3 Qc7 9. Bd2 Be7 10. Rc1 Bb7 11. Bd3 d6 12. O-O Nd7 13. Ng5 dxe5 14. Qh5 g6
15. Qh3 Qd6 16. Rfe1 f5 17. dxe5 Qd5 18. Rcd1 Nf8 19. Be3 Qc6 20. Rb1 Qc7 21.
Qh6 Rg8 1/2-1/2

[Event "4MCR_4D_1L_2S"]
[Site "CR"]
[Date "2000.??.??"]
[Round "?"]
[White "Rybak, Radek"]
[Black "Kuta, Jiri"]
[Result "0-1"]
[WhiteElo "2285"]
[BlackElo "2365"]
[PlyCount "58"]
[EventDate "2000.??.??"]
[EventType "tourn (corr)"]

1. e4 e5 2. Nf3 Nc6 3. Bc4 Bc5 4. b4 Bxb4 5. c3 Ba5 6. d4 exd4 7. O-O Nge7 8.
cxd4 d5 9. exd5 Nxd5 10. Qb3 Be6 11. Qxb7 Ndb4 12. Bb5 O-O 13. Bxc6 Rb8 14.
Qxa7 Nxc6 15. Qc5 Bd5 16. Nbd2 Bb4 17. Qc2 Bxd2 18. Nxd2 Nxd4 19. Qc5 Ne2+ 20.
Kh1 Rb6 21. Nb3 Rc6 22. Qa5 Qd7 23. f3 Bxf3 24. gxf3 Ng3+ 25. Kg2 Nxf1 26. Kxf1
Qh3+ 27. Kf2 Qxh2+ 28. Kf1 Re6 29. Qb5 Rfe8 0-1

[Event "4MCR_4D_1L_2S"]
[Site "CR"]
[Date "2000.??.??"]
[Round "?"]
[White "Rybak, Radek"]
[Black "Svoboda, Frantisek"]
[Result "1-0"]
[WhiteElo "2445"]
[BlackElo "2420"]
[PlyCount "67"]
[EventDate "2000.??.??"]
[EventType "tourn (corr)"]

1. e4 e6 2. d4 d5 3. Nd2 Nf6 4. e5 Nfd7 5. Bd3 c5 6. c3 Nc6 7. Ne2 cxd4 8. cxd4
f6 9. exf6 Nxf6 10. f4 Bd6 11. O-O O-O 12. Nf3 Qb6 13. Kh1 Bd7 14. Nc3 Ne7 15.
Ne5 Be8 16. a3 Rd8 17. Qf3 a6 18. Qh3 Bc7 19. g4 Ng6 20. Be3 Qxb2 21. Ne2 Qb6
22. Rab1 Qa7 23. g5 Ne4 24. Qxe6+ Bf7 25. Qh3 Bd6 26. f5 Nxe5 27. dxe5 Bc5 28.
Bxc5 Qxc5 29. Nf4 Nxg5 30. Qg4 d4 31. e6 Be8 32. Qxg5 Rc8 33. Kg1 b5 34. Rbc1
1-0

[Event "4MCR_4D_1L_2S"]
[Site "CR"]
[Date "2000.??.??"]
[Round "?"]
[White "Rybak, Radek"]
[Black "Trexler, Evzen"]
[Result "1/2-1/2"]
[WhiteElo "2200"]
[BlackElo "2350"]
[PlyCount "33"]
[EventDate "2000.??.??"]
[EventType "tourn (corr)"]

1. e4 c5 2. c3 d5 3. exd5 Qxd5 4. d4 Nc6 5. Nf3 Nf6 6. Be3 cxd4 7. cxd4 e6 8.
Nc3 Qa5 9. a3 Bd6 10. b4 Qd8 11. Bd3 Bd7 12. O-O O-O 13. Qe2 Ne7 14. Ne5 Rc8
15. Rac1 Ned5 16. Nxd5 Nxd5 17. Bd2 1/2-1/2